El año litúrgico (Record no. 123559)

MARC details
000 -LEADER
campo de control de longitud fija 00611nam a2200193 i 4500
001 - NÚMERO DE CONTROL
campo de control 123559
003 - IDENTIFICADOR DE NÚMERO DE CONTROL
campo de control ES-MaACL
005 - FECHA Y HORA DE LA ÚLTIMA TRANSACCIÓN
campo de control 20250602063225.0
007 - CAMPO FIJO DE DESCRIPCIÓN FÍSICA--INFORMACIÓN GENERAL
campo de control de longitud fija t|
008 - DATOS DE LONGITUD FIJA--INFORMACIÓN GENERAL
campo de control de longitud fija 070214s1966 sp r ||||1| spa d
100 1# - ENTRADA PRINCIPAL--NOMBRE DE PERSONA
Nombre de persona Rahner, Karl,
Fechas asociadas al nombre 1904-1984
9 (RLIN) 95012
245 13 - MENCIÓN DEL TÍTULO
Título El año litúrgico
Resto del título : meditaciones breves /
Mención de responsabilidad, etc. Karl Rahner ; versión castellana de J. Iturriaga.
260 ## - PUBLICACIÓN, DISTRIBUCIÓN, ETC.
Lugar de publicación, distribución, etc. Barcelona :
Nombre del editor, distribuidor, etc. Herder,
Fecha de publicación, distribución, etc. 1966.
300 ## - DESCRIPCIÓN FÍSICA
Extensión 143 p. ;
Dimensiones 18 cm.
650 04 - PUNTO DE ACCESO ADICIONAL DE MATERIA--TÉRMINO DE MATERIA
Término de materia o nombre geográfico como elemento de entrada Año litúrgico-
Subdivisión de forma Meditaciones.
9 (RLIN) 9904
700 1# - ENTRADA AGREGADA--NOMBRE PERSONAL
Nombre de persona Iturriaga, J.
9 (RLIN) 65630
852 ## - LOCALIZACIÓN
Ubicación ES-MaACL
Número de control de estantería C-30570
Sublocalización o colección R.60792
Holdings
Estatus retirado Estado de pérdida Estado de daño No para préstamo Biblioteca de origen Biblioteca actual Ubicación en estantería Fecha de adquisición Fuente de adquisición Total de préstamos Signatura topográfica completa Código de barras Visto por última vez Precio de reemplazo Tipo de ítem Koha
        Biblioteca del Ateneo de Madrid Biblioteca del Ateneo de Madrid Depósito 2 17/01/2008     C-30570 1128735 23/02/2023 23/02/2023 Libro impreso